000 00821cas a2200253 a 4500
001 80082
003 BD-RjUL
005 20220705100913.0
008 220705s1955 pakqr | 0 z0urd
035 _a(BD-RjUL) 80082
040 _aIXA
_burd
_cIXA
_dOCLCQ
_dIXA
_dDLC
_dOCLCF
_dOCLCQ
041 0 _aurd
_aurd
082 _223
_a297.09
_bHAT 1955
100 1 _aNajibabadi, Akbar Shah Khan ;; نجيب ابادي, اكبر شاه خان
_9250294
245 1 0 _aتاريخ اسلام.;;Tārīkh-i Islām./
_cحميد الدين ;; Hamid Al-Din
246 1 5 _aHistory of Islam
250 _a3rd. ed.
260 _aKarachi :
_bFiroz book ,
_c1955
300 _a497 p. ;
_c17 cm
650 0 _aIslam
_xHistory
_9250295
650 7 _aIslam.
_2fast
_9250296
942 _2ddc
_cBK
999 _c80082
_d80082